Ghazal Ny Kaha / (Record no. 525923)

000 -LEADER
fixed length control field 00510nam a22001817a 4500
003 - CONTROL NUMBER IDENTIFIER
control field NUST
020 ## - INTERNATIONAL STANDARD BOOK NUMBER
Qualifying information HB/K
038 ## - RECORD CONTENT LICENSOR
Staff Name Faiza
082 ## - DEWEY DECIMAL CLASSIFICATION NUMBER
Classification number 891.4391
Author Mark ZAF
100 ## - MAIN ENTRY--PERSONAL NAME
Personal name Zafar, Sabir
9 (RLIN) 16871
245 ## - TITLE STATEMENT
Title Ghazal Ny Kaha /
Statement of responsibility, etc. Sabir Zafar
260 ## - PUBLICATION, DISTRIBUTION, ETC.
Place of publication, distribution, etc. Karachi :
Name of publisher, distributor, etc. Rang Adab Publications,
Date of publication, distribution, etc. 2015.
300 ## - PHYSICAL DESCRIPTION
Extent 94 p. ;
880 ## - ALTERNATE GRAPHIC REPRESENTATION
Linkage 100-01\r
Title صابر ظفر
880 ## - ALTERNATE GRAPHIC REPRESENTATION
Linkage 245-02\r
Title غزل نے کہا /
880 ## - ALTERNATE GRAPHIC REPRESENTATION
Linkage 260-03\r
Title کراچی :
b رنگ ادب پبلی کیشنز,
c ۲۰۱۵.
942 ## - ADDED ENTRY ELEMENTS (KOHA)
Source of classification or shelving scheme
Koha item type Book
Holdings
Withdrawn status Lost status Source of classification or shelving scheme Damaged status Not for loan Permanent Location Current Location Date acquired Total Checkouts Full call number Barcode Date last seen Price effective from Koha item type
          Central Library (CL) Central Library (CL) 07/05/2019   891.4391 ZAF CL-E-1217 07/05/2019 07/05/2019 Book
© 2023 Central Library, National University of Sciences and Technology. All Rights Reserved.